MLP CHARACTERS BY CUTIE MARKS QUIZ!!!!!!(only for starters) - Statistics

General Stats
  • This quiz has been taken 240 times
  • The average score is 12 of 18
Answer Stats
0 question excellent!!! % Correct
6 3 red apples apple jack
98%
1 3 pink butterfly's fluttershy
98%
2 2 blue balloons and 1 yellow balloon pinkie pie
98%
4 1 red,yellow and blue lightning bolt rainbow dash
98%
5 3 blue diamonds rarity
98%
8 1 moon luna
97%
3 pink star with 5 white stars twilight sparkle
96%
7 1 sun celestia
93%
9 a blue crystal heart with yellow swerls beside cadence
71%
14 a silver spoon silver spoon
71%
11 brown bage w/ an apple apple bloom
68%
13 brown bage w/ a lightning bolt scootalo
66%
12 brown bage w/ a music note sweetie belle
57%
10 a blank flank baby flurry heart
45%
15 a silver teara diamond tera
7%
17 queen- novo
6%
18 princess- skystar
5%
16 big bad queen queen crisalis
2%
No matching quizzes found
Score Distribution
Percent of People with Each Score
Percentile by Number Answered
Your Score History
You have not taken this quiz